Normal view
MARC view
- Punjab (India)
Entry Corporate Name
001 - CONTROL NUMBER
- control field: 1175
003 - CONTROL NUMBER IDENTIFIER
- control field: NUST
005 - DATE AND TIME OF LATEST TRANSACTION
- control field: 20170518172912.0
008 - FIXED-LENGTH DATA ELEMENTS
- fixed length control field: 170518|| aca||aabn | a|a d
040 ## - CATALOGING SOURCE
- Original cataloging agency: NUST
- Transcribing agency: NUST
110 ## - HEADING--CORPORATE NAME
- Corporate name or jurisdiction name as entry element: Punjab (India)
670 ## - SOURCE DATA FOUND
- Source citation: Work cat.: (NUST)0: Punjab (India), Records of the Ludhiana Agency., 2006.
